Statistics for Ethiopia's animals

Click here to take the quiz!

General Stats

  • This quiz has been taken 9 times
  • The average score is 3 of 5

Answer Stats

QuestionAnswer% Correct
Where is Bale Mountains located?Oromia
86%
How many Elephants live in Ethiopia2,000
71%
What is the least wildife population in Ethiopia?Black Rhinoceros
71%
What is the main landform in Gambella National Park?Savanna
71%
What lion species mostly live in Ethiopia?Black Lion
43%

Score Distribution

Percentile by Number Answered

Percent of People with Each Score

Your Score History

You have not taken this quiz